000 00744nam a22002177a 4500
999 _c19535
_d19535
003 AR-CdUCM
008 190223b ||||| |||| 00| 0 spa d
040 _aMUNICIPALIDAD PROVINCIAL DEL CUSCO
_cBIBLIOTECA MUNICIPAL DEL CUSCO
041 _hdut
082 _a800.81 /
_bL566
100 _aLenin, V. I.
_94963
245 _aObras Completas /
260 _aArgentina :
_bCartago,
_c1969.
300 _a498 páginas
_c20 cm.
505 _aContenido : Dos tácticas de la socialdemocracia en la revolución democrática -- Objetivos de la dictadura democrática...
650 _aRevolucion democratica
_940923
650 _aSocialdemocracia
_928166
650 _aConservadores de la política
_940924
942 _2ddc
_cLIBROS
945 _arcc